| 000 | 00550nam a2200181 a 4500 | ||
|---|---|---|---|
| 005 | 20140310183328.0 | ||
| 008 | 060815s19uu xx 00 eng d | ||
| 020 | _a1564143252 | ||
| 050 |
_aHF 5734.5 _b.T55 1997 |
||
| 100 | _aTimm, Paul R. | ||
| 245 |
_aHow to hold successful meetings : _b30 actions tips for managing effective meetings / _cPaul R. Timm. |
||
| 260 |
_aNew Jersey : _bCareer Press, _c1997. |
||
| 300 |
_a93 p. : _bill. col. ; _c21 cm. |
||
| 521 | _aBSBA | ||
| 650 | _aBusiness meetings. | ||
| 942 |
_cBK _2lcc _kFOR |
||
| 999 |
_c21493 _d21493 |
||